00328pab a2200133 454500008004000000100002200040245003400062260000900096300001300105362001000118650002100128700002500149773002000174180718b2013 xxu||||| |||| 00| 0 eng d aPati, Atanu Kumar aRoadmap to achieve excellence c2013 ap.68-71. a2 Dec aHigher education aGupta, Ashwini Kumar aUniversity News